000 01157nam a22003377a 4500
003 CHAP
005 20220817041833.0
008 971013s1964 r 00010 d
010 _a26069
011 _a27041
035 _a31142
040 _cCHAP
082 _a633.18
_bI5g
110 _aInternational Rice Research Institute
_959779
245 _aGrowth habit of the rice plant in the tropics and its effect on nitrogen response
260 _aLos Baños, Philippines :
_bInternational Rice Research Institute,
_c1964
300 _a80 p.
_b: ilus. ; gráfs
490 _aTechnical bulletin
_v; 3
590 _aBATCH-UPD
_b10
_c20130109
_lUCH01
_h2329
590 _aBATCH-UPD
_b10
_c20130110
_lUCH01
_h2150
590 _aBATCH-UPD
_b10
_c20130409
_lUCH01
_h1855
590 _aBATCH-UPD
_b10
_c20130914
_lUCH01
_h0404
590 _aCONVERSION
_b10
_c20130109
_lUCH01
_h1315
650 1 4 _aArroz
_xCrecimiento.
_97590
650 1 4 _aNitrógeno
_xEfecto en arroz.
_981409
700 0 _aTanaka, Akiro.
_9111576
830 0 _aTechnical bulletin
_v; 3
901 _aBK
942 _cLIBRO
949 _a633.18 I5g
_bBC
_cLIBRO
_d33724000209904
_eLIBRO
_h31664
_i31142
_mD
_si
999 _c26069
_d26069